|
|
|
|
| LEADER |
00000nas a2200000 i 4500 |
| 001 |
ssj0001634215 |
| 003 |
WaSeSS |
| 005 |
20200512172242.0 |
| 006 |
m d |
| 007 |
cr n |
| 008 |
150624c20139999tu qr p s 0 0eng c |
| 010 |
|
|
|a 2016252938
|
| 022 |
|
|
|a 2149-3766
|y 2147-8988
|
| 035 |
|
|
|a (WaSeSS)ssj0001634215
|
| 040 |
|
|
|a CNCGM
|b eng
|c CNCGM
|d WAU
|d OCLCO
|d AU@
|d OCLCF
|d OCLCO
|d WAU
|d CUS
|d OCL
|d OCLCA
|d UAB
|d WaSeSS
|
| 041 |
|
|
|a eng
|a tur
|
| 042 |
|
|
|a pcc
|
| 050 |
1 |
4 |
|a HD1401
|
| 245 |
0 |
0 |
|a International journal of food and agricultural economics
|h [electronic resource].
|
| 246 |
1 |
|
|a IJFAEC
|
| 246 |
1 |
1 |
|a Uluslararası Gıda ve Tarım Ekonomisi Dergisi
|
| 260 |
|
|
|a [Turkey] :
|b [publisher not identified]
|
| 310 |
|
|
|a Quarterly
|
| 362 |
1 |
|
|a Began with: Volume 1, number 1 (July 2013).
|
| 506 |
|
|
|a License restrictions may limit access.
|
| 588 |
|
|
|a Description based on: Volume 1, number 1 (July 2013); title from journal home page (publisher's Web site, viewed September 30, 2016).
|
| 588 |
|
|
|a Latest issue consulted: Volume 4, number 3 July 2016) (publisher's Web site, viewed September 30, 2016).
|
| 650 |
|
0 |
|a Agriculture
|x Economic aspects
|v Periodicals.
|
| 650 |
|
0 |
|a Food industry and trade
|v Periodicals.
|
| 650 |
|
7 |
|a Food industry and trade.
|2 fast
|0 (OCoLC)fst00930843
|
| 650 |
|
7 |
|a Agriculture
|x Economic aspects.
|2 fast
|0 (OCoLC)fst00801415
|
| 655 |
|
0 |
|a Electronic journals.
|
| 856 |
4 |
0 |
|z Full text available from Research Library: 01/01/2014 to present
|u https://search.proquest.com/publication/2035942
|